Minecraft Loot: Bastion Treasure - Statistics

General Stats
  • This quiz has been taken 26 times
    15 since last reset
  • The average score is 15 of 29
Answer Stats
Pool Item Stack Size Weight % Correct
1(3) Diamond 2-6 4.5%
100%
1(3) Netherite Ingot 1 13%
100%
1(3) Ancient Debris 1 8.9%
91%
1(3) Ancient Debris 2 3.6%
91%
2(3-4) Gold Ingot 3-9 11%
91%
2(3-4) Block of Gold 2-5 11%
82%
1(3) Diamond Boots 1 4.5%
82%
1(3) Diamond Chestplate 1 4.5%
82%
1(3) Diamond Helmet 1 4.5%
82%
1(3) Diamond Sword 1 5.4%
82%
4(1) Netherite Upgrade Smithing Template 1 100%
82%
1(3) Diamond Leggings 1 4.5%
73%
2(3-4) Iron Ingot 3-9 11%
73%
2(3-4) Magma Cream 3-8 11%
55%
1(3) Netherite Scrap 1 7.1%
55%
2(3-4) Block of Iron 2-5 11%
36%
2(3-4) Crying Obsidian 3-5 11%
36%
1(3) Diamond Spear 1 5.4%
36%
2(3-4) Gilded Blackstone 5-15 11%
36%
1(3) Enchanted Golden Apple 1 1.8%
27%
2(3-4) Quartz 8-23 11%
27%
3(1) Snout Armor Trim 1 8.3%
27%
2(3-4) Spectral Arrow 12-25 11%
27%
1(3) Damaged Enchanted Diamond Boots 1 5.4%
9%
1(3) Damaged Enchanted Diamond Chestplate 1 5.4%
9%
1(3) Damaged Enchanted Diamond Helmet 1 5.4%
9%
1(3) Damaged Enchanted Diamond Leggings 1 5.4%
9%
1(3) Damaged Enchanted Diamond Spear 1 5.4%
9%
1(3) Damaged Enchanted Diamond Sword 1 5.4%
9%
No matching quizzes found
Score Distribution
Percent of People with Each Score
Percentile by Number Answered
Your Score History
You have not taken this quiz since the last reset